| 000 | 00821nas a2200277 4500 | ||
|---|---|---|---|
| 001 | BR0803352 | ||
| 003 | BR-BrBNA | ||
| 005 | 20231205112258.0 | ||
| 007 | ta | ||
| 008 | 230509b bl.|||p| |||| 00| 00por d | ||
| 040 |
_aBR-BrBNA _bpor _cBiblioteca Nacional de Agricultura |
||
| 041 | _a(Pt) | ||
| 072 | _aH60; P33 | ||
| 100 | 1 | _aInoue, M.H. | |
| 100 | 1 | _aOliveira Junior, R.S. | |
| 100 | 1 | _aConstantin, J. | |
| 100 | 1 | _aAlonso, D.G. | |
| 245 | 1 | _aPotencial de lixiviação de imazapic e isoxaflutole em colunas de solo | |
| 650 | _aHERBICIDA | ||
| 650 | _aLIXIVIAÇÃO | ||
| 650 | _aTEXTURA DO SOLO | ||
| 650 | _aIMPACTO AMBIENTAL | ||
| 773 | 0 |
_tPlanta Daninha (Brazil) _xISSN 0100-8358 _g(Jul-Sep 2007), v. 25(3) p. 547-555 _wBR0803352 |
|
| 909 |
_a202311 _bLúcia _c55 _dLúcia Elande |
||
| 942 |
_2AGRIS _n0 _cANA |
||
| 999 |
_c197151 _d197151 |
||